İklim pahası : (Record no. 15044)

MARC details
000 -BAŞLIK
Sabit Uzunlukta Kontrol Alanı 01047nam a22002537a 4500
999 ## - SİSTEM KONTROL NUMARALARI (KOHA)
Koha Biblionumber 15044
Koha Biblioitemnumber 15044
003 - KONTROL NUMARASI IDENTIFIER
Denetim Alanı MIRAKIL
005 - SON İŞLEM TARİHİ VE ZAMANI
Denetim Alanı 20221020150444.0
008 - SABİT-BOY VERİ ELEMANLARI - GENEL BİLGİLER
Sabit Uzunlukta Kontrol Alanı 221020b tu ||||| |||| 00| 0 tur d
020 ## - ULUSLARARASI STANDART KİTAP NUMARASI
Uluslararası Standart Kitap Numarası 9786053995654
040 ## - KATALOGLAMA KAYNAK
Orijinal Kataloglama Ajansı TR-AnCHP
Metne Dönüştürmek Ajansı TR-AnCHP
041 ## - DİL KODU
Metin / Ses Parça Veya Ayrı Başlığın Dil Kodu tur
082 ## - DEWEY ONLU SINIFLANDIRMA NUMARASI
Sınıflandırma Numarası 336.390954
Ürün Numarası Y35i 2020
100 ## - ANA GİRİŞ - KİŞİSEL İSİM
Kişisel Ad Yenitürk, Nurhan
245 10 - BAŞLIK TABLOSU
Başlık İklim pahası :
Başlığın Kalan çevre koruma ve iklim değişikliği ile mücadelede kamu harcamaları
Sorumluluk Tablosu, Vb Nurhan Yentürk.
246 ## - UNVAN FORM VARYING
Başlık Doğru / Kısa Başlığı çevre koruma ve iklim değişikliği ile mücadelede kamu harcamaları
260 ## - YAYIN, DAĞITIM, VB
Yayın, Dağıtım, Vb Yeri İstanbul :
Yayıncı, Dağıtıcı, Vs Adı İstanbul Bilgi Üniversitesi Yayınları,
Yayın, Dağıtım, Vb Tarihi 2020.
300 ## - FİZİKSEL TANIM
Kapsam vıı, 218 s.:
Diğer Fiziksel Ayrıntıları tbl.;
Boyutlar 23 sm.
490 0# - SERİSİ TABLOSU
Seri Beyanı İstanbul Bilgi Üniversitesi Yayınları ;
-- STK çalışmaları;
-- Kamu Harcamaları İzleme Dizisi;
Hacim / Ardışık Tanımı 674.
-- 24.
-- 10.
504 ## - KAYNAKÇA VB NOT
Kaynakça Vb Notu Kaynakça ve dizin vardır.
650 #0 - KONU KATMA GİRİŞ - TOPİKAL DÖNEM
9 (RLIN) 7222
Topikal Süreli Veya Coğrafi Ad Giriş Elemanı İklim değişiklikleri
Genel Alt Bölümü Türkiye
650 #0 - KONU KATMA GİRİŞ - TOPİKAL DÖNEM
9 (RLIN) 7223
Topikal Süreli Veya Coğrafi Ad Giriş Elemanı Çevre koruma
Genel Alt Bölümü Türkiye
740 ## - KATMA GİRİŞ - KONTROLSUZ İLGİLİ / ANALİTİK BAŞLIK
Kontrol Edilmeyen / İlgili Analitik Başlıktaki çevre koruma ve iklim değişikliği ile mücadelede kamu harcamaları
942 ## - EKLENDİ GİRİŞ ELEMANLARI (KOHA)
Sınıflandırma Veya Raf Düzeni Kaynak Dewey Decimal Classification
Koha Öğesi Türü Books
Holdings
Kalıcı Konum Mevcut Konum Edinme Tarihi Toplam Check-Out'Lar Tam Çağrı Numarası Barkod Tarih Son Görülme İtibaren Geçerli Fiyatlar Koha Öğesi Türü
CHP Kütüphanesi CHP Kütüphanesi 10/20/2022   336.390954 Y35i 2020 020588 10/20/2022 10/20/2022 Books